Dossier d'activitats pedagògiques : turisme industrial a prop de Barcelona turisme industrial a prop de Barcelona
Publicado:
Barcelona :
Diputació de Barcelona. Àrea de Promoció Econòmica i Ocupació. Oficina de Promoció Turística ,
2006
Descripción Física:
73 p. : fot. col. ; 30 x 21 cm
MARC
| LEADER | 00000nam a2200000Ia 4500 | ||
|---|---|---|---|
| 001 | 21121 | ||
| 008 | 160829s2006 xx 000 0 cat d | ||
| 080 | |a FOL-3-53 | ||
| 245 | |a Dossier d'activitats pedagògiques : |b turisme industrial a prop de Barcelona | ||
| 260 | |a Barcelona : |b Diputació de Barcelona. Àrea de Promoció Econòmica i Ocupació. Oficina de Promoció Turística, |c 2006 | ||
| 300 | |a 73 p. : |b fot. col. ; |c 30 x 21 cm | ||
| 650 | |a Turisme industrial |x Barcelona (Província) |x Activitats culturals |9 43110 | ||
| 710 | 1 | |a Barcelona (Catalunya : Província). |b Oficina de Promoció Turística |9 51402 | |
| 901 | |a Arxiu | ||
| 942 | |n 1 | ||
| 952 | |0 0 |1 0 |4 0 |6 FOL353 |7 1 |9 51205 |a Arxiu |b Arxiu |d 2016-12-01 |l 0 |o FOL-3-53 |p 21121 |r 2016-12-01 00:00:00 |w 2016-12-01 |y ARXIU | ||
| 999 | |c 55048 |d 55048 | ||